000
002400000a22000970004500
100
1
_a
Goldingay, John
245
1
0
_a
Isaiah 1:1 and 2:1
300
_a
Vol. 48, Num. 3 (Julio, 1998), Páginas 326-332
773
0
_t
Vetus Testamentum
942
_c
ANA
999
_c
58209
_d
58209